000 00289nam a22001337a 4500
008 180927b xxu||||| |||| 00| 0 eng d
020 _a9780073054612
041 _aeng
080 _a611
100 _a7
101 _aANA
245 _aAnatomy Physiology
_cMichael.P.M
942 _2udc
_cBK
999 _c48637
_d48637